000
00392nam a2200145Ia 4500
008
100122s9999 xx 000 0 und d
082
_b
12248
_a
823
100
_a
नांगरे बलराम
245
_a
दैवरेखा
260
_b
गं.रा.पाठक
_c
1964
300
_a
148
630
_a
दैवरेखा
730
_a
दैवरेखा
942
_c
BOOK
999
_c
403445
_d
403442